000 00641nam a22002051 4500
001 bimo0001482846
003 OSt
005 20140728213002.0
008 990701s1972 sp spa
040 _aSpMaBN
_cBMC
082 _a926.1
100 _aThiel, Rudolf
_9797
_d1899-1981
245 1 0 _aContra la muerte y el demonio
_b : de la vida de los grandes médicos
_cRudolf Thiel ; [traducción del alemán por José M. Sacristán
260 0 _aMadrid
_bEspasa Calpe
_c1972
300 _a284 p.
_c18 cm
490 0 _aAustral
_v1477
650 7 _9916
_aMédicos
_xBiografías
_2embne
700 _9799
_aSacristán, José M.
942 _2ddc
_cBK
999 _c720
_d720